Images of society: essays on the sociological theoreies of Tocqueville, Marx, an (Record no. 118)

MARC details
000 -LEADER
fixed length control field 00572nam a2200193Ia 4500
020 ## - INTERNATIONAL STANDARD BOOK NUMBER
ISBN 0 19 690400 5
082 ## - DEWEY DECIMAL CLASSIFICATION NUMBER
Classification number 301.01 POG-;
100 ## - MAIN ENTRY--AUTHOR NAME
Personal name Poggi, Gianfranco
245 #0 - TITLE STATEMENT
Title Images of society: essays on the sociological theoreies of Tocqueville, Marx, an
260 ## - PUBLICATION, DISTRIBUTION, ETC. (IMPRINT)
Place of publication Oxford
Name of publisher Oxford University Press
Year of publication 1972
300 ## - PHYSICAL DESCRIPTION
Number of Pages 267p.
504 ## - BIBLIOGRAPHY, ETC. NOTE
Bibliography, etc Includes index
650 ## - SUBJECT ADDED ENTRY--TOPICAL TERM
Topical Term Sociology - Philosophy
650 ## - SUBJECT ADDED ENTRY--TOPICAL TERM
Topical Term Marx, Karl - Philosophy
650 ## - SUBJECT ADDED ENTRY--TOPICAL TERM
Topical Term Durkheim, Emile - Philosophy
650 ## - SUBJECT ADDED ENTRY--TOPICAL TERM
Topical Term Tocqueville, Alexis de - Philosophy
650 ## - SUBJECT ADDED ENTRY--TOPICAL TERM
Topical Term Sociologists
942 ## - ADDED ENTRY ELEMENTS (KOHA)
Koha item type Books
Holdings
Withdrawn status Lost status Damaged status Not for loan Home library Current library Date acquired Full call number Accession Number Price effective from Koha item type
        NASSDOC Library NASSDOC Library 08/06/2004 301.01 POG-; 4710 18/04/2019 Books